| 000 | 00998nam a2200289 i 4500 | ||
|---|---|---|---|
| 001 | 200461039 | ||
| 003 | TR-AnTOB | ||
| 005 | 20240821170740.0 | ||
| 007 | ta | ||
| 008 | 201111s2007 tu g 000 0 tur d | ||
| 040 |
_aTVK _beng _erda _cTVK _dTR-AnTOB |
||
| 041 | 0 | _atur | |
| 060 | 1 | 4 |
_aW 18 _bÇ45 2007 |
| 090 |
_aW 18 _bÇ45 2007 |
||
| 096 |
_aW18 _bT999 2020 |
||
| 245 | 1 | 0 |
_aÇekirdek eğitim programı : _panatomi ve klinik anatomi derneği : tıpta uzmanlık ve doktora öğrencileri için anatomik uygulamalar ve bilimsel etkinlikler / _cAnatomi ve Klinik Anatomi Derneği. |
| 246 | _aÇEP. | ||
| 264 | 1 |
_a[Place of publication not identified] : _bAnatomi ve Klinik Anatomi Derneği. _c2007. |
|
| 300 |
_a160 pages : _btables ; _c25 cm |
||
| 336 |
_atext _2rdacontent _btxt |
||
| 337 |
_aunmediated _2rdamedia _bn |
||
| 338 |
_avolume _2rdacarrier _bnc |
||
| 650 | 2 |
_aEducation, Medical _9137473 |
|
| 650 | 4 |
_aTıp eğitimi _zTürkiye. |
|
| 942 |
_2NLM _cBK |
||
| 999 |
_c200461039 _d79251 |
||